<The> problem with banks

Guardado en:
Detalles Bibliográficos
Autor principal: Rethel, Lena
Otros Autores: Sinclair, Timothy J.
Formato: Libro
Lenguaje:inglés
Publicado: London Zed Books 2012
Materias:
Etiquetas: Agregar Etiqueta
Sin Etiquetas, Sea el primero en etiquetar este registro!

MARC

LEADER 00000nam a2200000 4500
001 0185409
005 20240312115938.5
020 |a 978-1-84813-938-1 
020 |a 978-1-84813-939-8 
041 0 |a eng 
044 |a GB 
245 1 0 |a <The> problem with banks  |c Lena Rethel & Timothy J. Sinclair 
264 1 |a London  |b Zed Books  |c 2012 
300 |a 147 s. 
610 2 0 |a banky 
610 2 0 |a kríza 
610 2 0 |a bankovníctvo 
610 2 0 |a inovácia 
610 2 0 |a regulácia 
610 2 0 |a riziko 
610 2 0 |a reformy 
100 1 |a Rethel, Lena 
700 1 |a Sinclair, Timothy J.